Participantes Red Bull Batalla de los gallos España - Estadísticas

Estadísticas generales
  • Esta prueba ha sido intentada 193 veces
    136 desde el último reinicio
  • La puntuación promedio es 30 de 126
Estadísticas de respuestas
Debut Gallo % Correcto
2013 Chuty
96%
2008 Skone
96%
2009 Arkano
91%
2019 Gazir
89%
2013 Blon
85%
2015 Zasko
84%
2018 Bnet
81%
2016 Force
80%
2015 Sweet Pain
79%
2008 Invert
76%
2016 Mr Ego
74%
2020 Sara Socas
72%
2019 Mnak
71%
2017 Walls
71%
2014 BTA
67%
2007 Piezas
67%
2005 Noult
66%
2018 Tirpa
66%
2014 Errece
63%
2013 Babi
59%
2018 Hander
57%
2015 Baron
52%
2005 Rayden
52%
2008 Mowlihawk
51%
2013 Elekipo
49%
2013 Kensuke
48%
2013 Khan
47%
2019 Jesus LC
45%
2013 Kapo 013
45%
2017 MC Men
40%
2005 Zatu
40%
2018 Botta
39%
2013 Eude
37%
2021 Mounts
36%
2013 Dani
32%
2022 NQP
32%
2013 Soen
31%
2022 Nocre
27%
2008 McKlopedia
26%
2008 Navalha
26%
2008 Brock
23%
2016 Jado
23%
2020 SRK
23%
2018 Robledo
22%
2014 Cixer
21%
2006 Criterioh
21%
2005 BHA
20%
2017 Vegas
20%
2016 FJ
19%
2006 Joanarman
18%
2007 Mister
18%
2014 Ante
17%
2007 Chester
17%
2021 Mario VI
17%
2022 Paco CBA
17%
2007 JandJ
15%
2019 Cronos
13%
2014 Deskarte
13%
2013 Juanih
13%
2016 Kowen
13%
2021 Reuto
13%
2020 Vivi
13%
2007 Zarro
13%
2022 Alanbur
12%
2005 Ehler Danloss
12%
2006 Kid Masta
12%
2021 Aigor
11%
2008 Jonko
11%
2008 Turi
11%
2006 Ego
9%
2015 Forte
9%
2014 SRG
9%
2006 Teko
9%
2008 Jaloner
8%
2006 Celedonio
7%
2005 Dano
7%
2009 Donall
7%
2005 Jodido Pelirrojo
7%
2007 Js
7%
2005 Kabuto
7%
2013 El Destro
6%
2017 Giorgio Masplatino
6%
2007 MC Lito
6%
2008 Mr Kaos
6%
2007 Shintoma
6%
2005 Sistema Pereyra
6%
2006 Yeah Yon
6%
2007 Danie
5%
2008 Hades
5%
2009 Ivan
5%
2013 Miler
5%
2009 Tase
5%
2005 Ursula
5%
2009 Antrax
4%
2005 Bra3
3%
2009 Kloy
3%
2009 Lon MC
3%
2014 Sacro Requiem
3%
2009 Soid
3%
2005 Wader
3%
2005 Deimos
2%
2005 Elio Toffana
2%
2005 El Puto Coke
2%
2009 Emblema
2%
2005 Eric Placton
2%
2006 Felix
2%
2005 Ferran MDE
2%
2006 Fra
2%
2005 Gone
2%
2005 Kickone
2%
2005 Legendario
2%
2005 Novah
2%
2006 Peter North
2%
2006 Raly
2%
2009 Serra
2%
2007 Tonio
2%
2005 Zye
2%
2005 Crok
1%
2005 Ephren
1%
2005 Flowman
1%
2006 King O
1%
2005 La P Wey
1%
2006 Rapha
1%
2005 RZ
1%
2005 Seismo
1%
2005 Welelo
1%
No se encontraron pruebas coincidentes
Distribución de puntuación
Porcentaje de gente con cada puntuación
Porcentaje por número respondido
Historial de tus puntuaciones
No has intentado esta prueba desde el último reinicio